[Event "BCF-chT3W 2223 (4NCL)"]
[Site "England"]
[Date "2022.10.23"]
[Round "2.15"]
[White "Homer, Neil S"]
[Black "Chen, Daniel Xingyu"]
[Result "0-1"]
[WhiteElo "1568"]
[BlackElo "1813"]
[PlyCount "38"]
[EventDate "2022.10.22"]
[EventType "team-tourn"]
[EventRounds "11"]
[EventCountry "ENG"]
[SourceTitle "EXT 2024"]
[Source "ChessBase"]
[SourceDate "2023.10.10"]
[SourceVersion "1"]
[SourceVersionDate "2023.10.10"]
[SourceQuality "1"]
[WhiteTeam "Brown Jack"]
[BlackTeam "Warwicks Select II"]
[WhiteTeamCountry "ENG"]
[BlackTeamCountry "ENG"]

1. e4 c5 2. Nc3 Nc6 3. f4 g6 4. Nf3 Bg7 5. a3 e6 6. b4 b6 7. e5 d6 8. Bb5 Nge7 9. 0-0 0-0 10. bxc5 dxe5 11. fxe5 bxc5 12. Re1 Nxe5 13. Nxe5 Qd4+ 14. Kf1 Bxe5 15. Qf3 Rb8 16. Re4 Qd6 17. Rxe5 Qxe5 18. Bb2 Rxb5 19. Nd5 Qxd5 0-1

[Event "Daventry 4NCL Easter op-A 2nd"]
[Site "Daventry"]
[Date "2022.04.18"]
[Round "6"]
[White "Chen, Daniel Xingyu"]
[Black "Miller, George"]
[Result "1-0"]
[WhiteElo "1602"]
[BlackElo "1782"]
[PlyCount "101"]
[EventDate "2022.04.15"]
[EventType "swiss"]
[EventRounds "7"]
[EventCountry "ENG"]
[SourceTitle "CBM 207 Extra"]
[Source "ChessBase"]
[SourceDate "2022.05.31"]
[SourceVersion "1"]
[SourceVersionDate "2022.05.31"]
[SourceQuality "1"]

1. e4 c6 2. d4 d5 3. exd5 cxd5 4. c4 Nf6 5. Nc3 Nc6 6. Nf3 Bg4 7. cxd5 Nxd5 8. Qb3 Bxf3 9. gxf3 e6 10. Qxb7 Nxd4 11. Bb5+ Nxb5 12. Qc6+ Ke7 13. Qxb5 Qd7 14. Nxd5+ Qxd5 15. Qxd5 exd5 16. Bf4 Ke6 17. 0-0-0 Bb4 18. a3 Ba5 19. b4 Bb6 20. Rhe1+ Kf5 21. Bg3 Rac8+ 22. Kb2 d4 23. Re5+ Kg6 24. Rb5 Rhe8 25. Rd2 Re1 26. a4 Rcc1 27. a5 Rb1+ 28. Ka2 Ra1+ 29. Kb3 Bd8 30. Rxd4 Rec1 31. Rd2 Bf6 32. Rc5 Rab1+ 33. Ka4 Bc3 34. Rxc3 Rxc3 35. Kb5 a6+ 36. Kxa6 Rxb4 37. Rd6+ f6 38. Rb6 Ra4 39. Rb5 Rxf3 40. Kb6 f5 41. Kb7 f4 42. Bh4 Rh3 43. Bd8 Rxh2 44. Bb6 Ra2 45. a6 Rhxf2 46. Bxf2 Rxf2 47. a7 Ra2 48. Rb6+ Kg5 49. Ra6 Rb2+ 50. Kc7 Rc2+ 51. Kd7 1-0

[Event "Daventry 4NCL Easter op-A 2nd"]
[Site "Daventry"]
[Date "2022.04.17"]
[Round "4"]
[White "Chen, Daniel Xingyu"]
[Black "Phan, Stefanus Kf"]
[Result "0-1"]
[WhiteElo "1602"]
[BlackElo "1816"]
[PlyCount "82"]
[EventDate "2022.04.15"]
[EventType "swiss"]
[EventRounds "7"]
[EventCountry "ENG"]
[SourceTitle "CBM 207 Extra"]
[Source "ChessBase"]
[SourceDate "2022.05.31"]
[SourceVersion "1"]
[SourceVersionDate "2022.05.31"]
[SourceQuality "1"]

1. e4 c6 2. d4 d5 3. exd5 cxd5 4. c4 Nf6 5. Nc3 Nc6 6. Nf3 Bg4 7. cxd5 Nxd5 8. Qb3 Bxf3 9. gxf3 e6 10. Qxb7 Nxd4 11. Bb5+ Nxb5 12. Qc6+ Ke7 13. Qxb5 Qd7 14. Nxd5+ Qxd5 15. Qxd5 exd5 16. Bf4 Ke6 17. 0-0-0 Bb4 18. a3 Rac8+ 19. Kb1 Ba5 20. b4 Bb6 21. Rhe1+ Kf5 22. Bg3 d4 23. Re5+ Kg6 24. Re4 f6 25. Rd3 Rc4 26. Re2 Kf5 27. h3 h5 28. Kb2 h4 29. Bh2 Rhc8 30. Bd6 Rc1 31. Bc5 Rh1 32. Bxb6 axb6 33. f4 Rc3 34. Rxd4 Rhxh3 35. Rd5+ Kxf4 36. Rd4+ Kg5 37. f4+ Kf5 38. Rg2 Rhg3 39. Rh2 h3 40. Rdd2 Rb3+ 41. Kc2 Rxa3 0-1

[Event "Daventry 4NCL Easter op-A 2nd"]
[Site "Daventry"]
[Date "2022.04.16"]
[Round "2"]
[White "Chen, Daniel Xingyu"]
[Black "Mason, Donald"]
[Result "0-1"]
[WhiteElo "1602"]
[BlackElo "2075"]
[PlyCount "82"]
[EventDate "2022.04.15"]
[EventType "swiss"]
[EventRounds "7"]
[EventCountry "ENG"]
[SourceTitle "CBM 207 Extra"]
[Source "ChessBase"]
[SourceDate "2022.05.31"]
[SourceVersion "1"]
[SourceVersionDate "2022.05.31"]
[SourceQuality "1"]

1. e4 e5 2. Nf3 Nc6 3. Bb5 a6 4. Ba4 Nf6 5. Qe2 Be7 6. 0-0 b5 7. Bb3 0-0 8. c3 d5 9. d3 Be6 10. Bg5 h6 11. Bh4 Re8 12. Re1 g5 13. Bg3 Bc5 14. Nbd2 d4 15. Bxe6 Rxe6 16. c4 b4 17. h3 Nh5 18. Nh2 Nf4 19. Bxf4 gxf4 20. Qh5 Qg5 21. Qxg5+ hxg5 22. Ndf3 Be7 23. Ng4 Kg7 24. Re2 a5 25. Rae1 Rh8 26. Rb1 f6 27. Rc1 Nb8 28. Kf1 Nd7 29. Ke1 Nc5 30. Kd2 b3 31. a3 Na4 32. Kd1 Bxa3 33. bxa3 b2 34. Rxb2 Nxb2+ 35. Kc2 Rb6 36. Nd2 Na4 37. Rb1 Rxb1 38. Nxb1 Rb8 39. Kc1 Rb2 40. Nd2 Ra2 41. Nb1 Nc3 0-1

[Event "BCF-chT4S 1920 (4NCL)"]
[Site "England"]
[Date "2020.02.08"]
[Round "5.115"]
[White "Chen, Daniel Xingyu"]
[Black "John, Amy"]
[Result "1-0"]
[WhiteElo "1705"]
[BlackElo "1472"]
[PlyCount "55"]
[EventDate "2019.11.09"]
[EventType "team-swiss"]
[EventRounds "11"]
[EventCountry "ENG"]
[SourceTitle "EXT 2022"]
[Source "ChessBase"]
[SourceDate "2021.10.06"]
[SourceVersion "1"]
[SourceVersionDate "2021.10.06"]
[SourceQuality "1"]
[WhiteTeam "Warwicks Select II"]
[BlackTeam "Iceni III"]
[WhiteTeamCountry "ENG"]
[BlackTeamCountry "ENG"]

1. e4 e5 2. Nf3 Nc6 3. Bb5 d6 4. 0-0 Bd7 5. c3 a6 6. Ba4 Nf6 7. Re1 Be7 8. h3 0-0 9. d4 exd4 10. cxd4 h6 11. Nbd2 b5 12. Bc2 Bc8 13. Nf1 Bb7 14. Ng3 Nb4 15. Bb1 Re8 16. d5 a5 17. a3 Na6 18. Nd4 Qd7 19. Nh5 Nc5 20. Nf5 Bf8 21. Nxh6+ Kh8 22. Nxf6 gxf6 23. Qh5 Kg7 24. Re3 Kh8 25. Nf5+ Kg8 26. Rg3+ Bg7 27. Rxg7+ Kf8 28. Qh8# 1-0

[Event "BCF-chT4S 1920 (4NCL)"]
[Site "England"]
[Date "2019.11.10"]
[Round "2.134"]
[White "Hedger, Timothy"]
[Black "Chen, Daniel Xingyu"]
[Result "1-0"]
[WhiteElo "1750"]
[BlackElo "1705"]
[PlyCount "127"]
[EventDate "2019.11.09"]
[EventType "team-swiss"]
[EventRounds "11"]
[EventCountry "ENG"]
[SourceTitle "EXT 2022"]
[Source "ChessBase"]
[SourceDate "2021.10.06"]
[SourceVersion "1"]
[SourceVersionDate "2021.10.06"]
[SourceQuality "1"]
[WhiteTeam "Sussex Martlets III"]
[BlackTeam "Warwicks Select III"]
[WhiteTeamCountry "ENG"]
[BlackTeamCountry "ENG"]

1. e4 c5 2. Nf3 Nc6 3. Bb5 g6 4. 0-0 Bg7 5. c3 Nf6 6. Re1 a6 7. Bxc6 dxc6 8. d4 cxd4 9. cxd4 0-0 10. Nc3 Qc7 11. h3 Rd8 12. Bg5 h6 13. Be3 Nd7 14. Qd2 Kh7 15. Rac1 Nb6 16. e5 Nc4 17. Qe2 Nxe3 18. Qxe3 Be6 19. a3 Rac8 20. Red1 Qb6 21. Qe2 Kg8 22. Na4 Qb5 23. Qxb5 cxb5 24. Rxc8 Rxc8 25. Nc3 Bb3 26. Rc1 e6 27. Ne2 Rxc1+ 28. Nxc1 Bd5 29. Nd3 Kf8 30. Nd2 Ke8 31. Nb4 Kd7 32. Nxd5 exd5 33. g4 f6 34. f4 fxe5 35. dxe5 g5 36. fxg5 hxg5 37. Nf3 d4 38. Kf2 Ke6 39. Ke2 Bxe5 40. Nxg5+ Kd5 41. Kd3 Kc6 42. Nf3 Bh8 43. b4 Kd5 44. h4 b6 45. g5 Ke6 46. Nxd4+ Kf7 47. Ke4 a5 48. h5 axb4 49. axb4 Bg7 50. Kd5 Bf8 51. Nc6 Bg7 52. Kd6 Bc3 53. Ne5+ Kg7 54. h6+ Kh7 55. Ke6 Bxb4 56. Kf7 Bc3 57. g6+ Kxh6 58. g7 Bxe5 59. g8Q Kh5 60. Qh7+ Kg4 61. Qe4+ Bf4 62. Kf6 Kg3 63. Kf5 Bc1 64. Qe1+ 1-0

[Event "GBR-ch Soanes op 106th"]
[Site "Torquay"]
[Date "2019.07.27"]
[Round "2"]
[White "Chen, Daniel Xingyu"]
[Black "O Gorman, Brendan"]
[Result "1/2-1/2"]
[WhiteElo "1438"]
[BlackElo "1722"]
[PlyCount "38"]
[EventDate "2019.07.26"]
[EventType "swiss"]
[EventRounds "5"]
[EventCountry "ENG"]
[SourceTitle "EXT 2021"]
[Source "ChessBase"]
[SourceDate "2020.10.23"]
[SourceVersion "1"]
[SourceVersionDate "2020.10.23"]
[SourceQuality "1"]

1. e4 c5 2. Nc3 e6 3. g3 d5 4. exd5 exd5 5. Bg2 Nf6 6. Nge2 d4 7. Ne4 Nxe4 8. Bxe4 Nd7 9. d3 Nf6 10. Bg2 Be7 11. 0-0 0-0 12. Re1 Re8 13. Bd2 Nd5 14. Nf4 Nxf4 15. Bxf4 Qb6 16. b3 Bd7 17. Be4 Bc6 18. Bxc6 Qxc6 19. Qg4 Bf8 1/2-1/2

[Event "Telford 4NCL U2050 op"]
[Site "Telford"]
[Date "2018.11.03"]
[Round "6"]
[White "Di Vetta, Andrew"]
[Black "Chen, Daniel Xingyu"]
[Result "0-1"]
[WhiteElo "1681"]
[BlackElo "1248"]
[PlyCount "109"]
[EventDate "2018.10.31"]
[EventType "swiss"]
[EventRounds "9"]
[EventCountry "ENG"]
[SourceTitle "EXT 2021"]
[Source "ChessBase"]
[SourceDate "2020.10.23"]
[SourceVersion "1"]
[SourceVersionDate "2020.10.23"]
[SourceQuality "1"]

1. e4 c5 2. Nc3 Nc6 3. Nf3 g6 4. Bb5 Bg7 5. 0-0 e6 6. Re1 Nge7 7. d3 a6 8. Bxc6 Nxc6 9. Bf4 0-0 10. Bd6 Re8 11. e5 b6 12. Ne4 Bb7 13. c3 Ne7 14. Nfd2 Nc6 15. f4 Ne7 16. Qe2 Nd5 17. Qf2 Bc6 18. a3 f5 19. exf6 Nxf6 20. Nxf6+ Qxf6 21. Nc4 Qf5 22. Rad1 Qd5 23. Bc7 Ra7 24. Bxb6 Rb7 25. Bxc5 Bf8 26. Re5 Bxc5 27. Rxd5 Bxf2+ 28. Kxf2 Bxd5 29. Rd2 Bxc4 30. dxc4 Rd8 31. b4 Rc7 32. Rd4 Kf7 33. Ke3 Ke7 34. g4 Rdc8 35. Kd3 Rc6 36. c5 d6 37. cxd6+ Rxd6 38. Rxd6 Kxd6 39. c4 a5 40. Kd4 Rf8 41. c5+ Kc6 42. Ke5 axb4 43. axb4 Rb8 44. h4 Rxb4 45. h5 gxh5 46. gxh5 Kxc5 47. h6 Rd4 48. Kf6 Rxf4+ 49. Kg7 Rh4 50. Kxh7 Rxh6+ 51. Kxh6 Kd4 52. Kg5 e5 53. Kg4 e4 54. Kg3 Ke3 55. Kg2 0-1

[Event "Telford 4NCL U2050 op"]
[Site "Telford"]
[Date "2018.11.01"]
[Round "2"]
[White "Chen, Daniel Xingyu"]
[Black "Wilson, Matthew R"]
[Result "1/2-1/2"]
[WhiteElo "1248"]
[BlackElo "1820"]
[PlyCount "56"]
[EventDate "2018.10.31"]
[EventType "swiss"]
[EventRounds "9"]
[EventCountry "ENG"]
[SourceTitle "CBM 187 Extra"]
[Source "ChessBase"]
[SourceDate "2018.11.04"]
[SourceVersion "1"]
[SourceVersionDate "2018.11.04"]
[SourceQuality "1"]

1. e4 c5 2. Nc3 Nc6 3. g3 g6 4. Bg2 Bg7 5. d3 d6 6. Be3 e6 7. Qd2 Nd4 8. Nge2 Bd7 9. 0-0 Rb8 10. Nd1 b5 11. c3 Nxe2+ 12. Qxe2 e5 13. f4 Ne7 14. Nf2 Qc8 15. Rac1 b4 16. c4 Nc6 17. Rcd1 0-0 18. Rc1 a5 19. Qd1 Re8 20. g4 exf4 21. Bxf4 Bxb2 22. Bxd6 Bxc1 23. Bxb8 Nxb8 24. Qxc1 Bxg4 25. Qf4 Be6 26. Ng4 Bxg4 27. Qxf7+ Kh8 28. Qf6+ Kg8 1/2-1/2

[Event "BCF-ch U12"]
[Site "Hull"]
[Date "2018.08.02"]
[Round "5"]
[White "Chen, Daniel Xingyu"]
[Black "Jithendra, Raina"]
[Result "1-0"]
[WhiteElo "1592"]
[BlackElo "1375"]
[PlyCount "77"]
[EventDate "2018.07.29"]
[EventType "swiss"]
[EventRounds "7"]
[EventCountry "ENG"]
[SourceTitle "CBM 186 Extra"]
[Source "ChessBase"]
[SourceDate "2018.08.24"]
[SourceVersion "1"]
[SourceVersionDate "2018.08.24"]
[SourceQuality "1"]

1. e4 e5 2. Nf3 Nc6 3. Nc3 Nf6 4. Bb5 Bc5 5. Nxe5 Nxe5 6. d4 Bd6 7. f4 Nc6 8. e5 Be7 9. exf6 Bxf6 10. Qe2+ Qe7 11. Qxe7+ Kxe7 12. Nd5+ Kd8 13. Nxf6 Nxd4 14. Bd3 gxf6 15. 0-0 d5 16. c3 Bf5 17. Bxf5 Nxf5 18. Rd1 c6 19. c4 Ne7 20. Bd2 Kc7 21. Bb4 Ng6 22. cxd5 Nxf4 23. dxc6 bxc6 24. Bd6+ Kb7 25. Bxf4 Rhe8 26. Re1 Re6 27. Rxe6 fxe6 28. Rd1 e5 29. Bg3 h5 30. Rd7+ Kb6 31. Bf2+ Kb5 32. Kf1 a6 33. Ke2 Rf8 34. Kd3 f5 35. Kc3 Rf6 36. Rb7+ Ka5 37. Bc5 Ka4 38. b3+ Ka5 39. Bb4# 1-0

[Event "GBR-ch U1750 op 105th"]
[Site "Hull"]
[Date "2018.08.02"]
[Round "4"]
[White "Horlock, Peter J"]
[Black "Chen, Daniel Xingyu"]
[Result "1-0"]
[WhiteElo "1619"]
[BlackElo "1592"]
[PlyCount "81"]
[EventDate "2018.07.30"]
[EventType "swiss"]
[EventRounds "5"]
[EventCountry "ENG"]
[SourceTitle "EXT 2021"]
[Source "ChessBase"]
[SourceDate "2020.10.23"]
[SourceVersion "1"]
[SourceVersionDate "2020.10.23"]
[SourceQuality "1"]

1. e4 c5 2. Nf3 Nc6 3. d4 cxd4 4. Nxd4 g6 5. Be3 Bg7 6. c3 Nf6 7. Nd2 0-0 8. Be2 d5 9. Nxc6 bxc6 10. e5 Nd7 11. f4 Nb6 12. 0-0 Bf5 13. Nb3 Re8 14. Bd4 Qc7 15. Nc5 Nd7 16. Bd3 Bxd3 17. Qxd3 Nxc5 18. Bxc5 Rab8 19. Qe2 Rb5 20. b4 e6 21. a4 Rb7 22. Rf3 Ra8 23. a5 Bf8 24. Bf2 c5 25. Rb1 cxb4 26. cxb4 Rxb4 27. Ra1 Bc5 28. h3 Bxf2+ 29. Qxf2 Rab8 30. Kh2 Rb2 31. Qh4 Qd8 32. Qg3 Rb1 33. Rxb1 Rxb1 34. Rc3 Rb5 35. f5 exf5 36. e6 fxe6 37. Qe5 Qb8 38. Rc7 Qf8 39. Qxe6+ Kh8 40. Rc8 Qxc8 41. Qxc8+ 1-0

[Event "BCF-ch U11"]
[Site "Hull"]
[Date "2018.07.28"]
[Round "4"]
[White "Chen, Daniel Xingyu"]
[Black "Hurst, Joseph"]
[Result "0-1"]
[WhiteElo "119"]
[BlackElo "101"]
[PlyCount "74"]
[EventDate "2018.07.27"]
[EventType "swiss"]
[EventRounds "6"]
[EventCountry "ENG"]
[SourceTitle "CBM 186 Extra"]
[Source "ChessBase"]
[SourceDate "2018.08.24"]
[SourceVersion "1"]
[SourceVersionDate "2018.08.24"]
[SourceQuality "1"]

1. d4 d5 2. Bf4 c5 3. e3 Nc6 4. Nf3 Nf6 5. c3 Qb6 6. Qb3 c4 7. Qxb6 axb6 8. Na3 Na7 9. g3 Bf5 10. Nh4 Bd7 11. Nf3 Bf5 12. Ne5 e6 13. Nb1 Ne4 14. Nd2 Nxd2 15. Kxd2 b5 16. a3 f6 17. Nf3 Nc6 18. Be2 b4 19. axb4 Rxa1 20. Rxa1 e5 21. dxe5 g5 22. Ra8+ Kd7 23. e6+ Bxe6 24. b5 Ne7 25. Bb8 Nc8 26. g4 Bxg4 27. Bg3 h5 28. h4 Bd6 29. Ra1 Ne7 30. Bxd6 Kxd6 31. hxg5 Bxf3 32. Bxf3 fxg5 33. Ke2 g4 34. Bg2 h4 35. Rh1 h3 36. Bf1 Ng6 37. Rh2 Nh4 0-1

[Event "Basingstoke Spring Bank op U1825"]
[Site "Basingstoke"]
[Date "2018.05.27"]
[Round "4.5"]
[White "Chen, Daniel Xingyu"]
[Black "Neatherway, A Philip"]
[Result "0-1"]
[WhiteElo "1592"]
[BlackElo "1810"]
[PlyCount "62"]
[EventDate "2018.05.25"]
[EventType "swiss"]
[EventRounds "7"]
[EventCountry "ENG"]
[SourceTitle "EXT 2023"]
[Source "ChessBase"]
[SourceDate "2022.10.05"]
[SourceVersion "1"]
[SourceVersionDate "2022.10.05"]
[SourceQuality "1"]

1. e4 c5 2. Nc3 e6 3. Bc4 Nc6 4. f4 g6 5. Nf3 Bg7 6. a3 Nge7 7. 0-0 0-0 8. d3 d5 9. exd5 exd5 10. Ba2 a6 11. Qe1 Qd6 12. Qf2 Bd7 13. Na4 Nd4 14. Nc3 Rae8 15. Be3 Nxf3+ 16. Qxf3 Bc6 17. Bf2 b5 18. Rab1 a5 19. Bg3 f5 20. Qd1 Kh8 21. Ne2 d4 22. Qd2 Nd5 23. Bf2 Ne3 24. Bxe3 Rxe3 25. Ng3 Rfe8 26. a4 b4 27. Bb3 h5 28. Rf2 h4 29. Nf1 h3 30. g3 Bb7 31. g4 Bc6 0-1

[Event "ENG Terafinal"]
[Site "Daventry"]
[Date "2017.08.13"]
[Round "6"]
[White "Jina, Taran"]
[Black "Chen, Daniel Xingyu"]
[Result "1-0"]
[WhiteElo "162"]
[BlackElo "115"]
[PlyCount "101"]
[EventDate "2017.08.12"]
[EventType "swiss"]
[EventRounds "6"]
[EventCountry "ENG"]
[SourceTitle "CBM 179 Extra"]
[Source "ChessBase"]
[SourceDate "2017.08.23"]
[SourceVersion "1"]
[SourceVersionDate "2017.08.23"]
[SourceQuality "1"]

1. Nf3 e6 2. g3 d5 3. Bg2 c5 4. 0-0 Nf6 5. d4 Nc6 6. c4 b6 7. Qa4 Bd7 8. Qd1 Bc8 9. Nc3 Be7 10. cxd5 exd5 11. Bg5 0-0 12. Rc1 h6 13. Bxf6 Bxf6 14. dxc5 bxc5 15. Nxd5 Bxb2 16. Rxc5 Be6 17. Nh4 Nd4 18. e3 Nf5 19. Nxf5 Bxf5 20. Qe2 Be5 21. Nb4 Qe7 22. Qb5 Rab8 23. Nc6 Qd6 24. Nxb8 Bd3 25. Qa5 Bxf1 26. Bxf1 Rxb8 27. Rxe5 Rb1 28. Re8+ Kh7 29. Qf5+ Qg6 30. Qxg6+ fxg6 31. Kg2 Ra1 32. Bc4 h5 33. Ra8 Rc1 34. Bb3 Rc7 35. h4 Re7 36. Rf8 Rc7 37. Rf7 Rxf7 38. Bxf7 a5 39. e4 g5 40. e5 g6 41. e6 Kg7 42. hxg5 Kf8 43. Kf3 a4 44. Bxg6 a3 45. Bxh5 Ke7 46. g6 Kf8 47. Ke4 Kg7 48. e7 Kh6 49. e8Q Kxh5 50. Kf5 Kh6 51. Qh8# 1-0

[Event "ENG Terafinal"]
[Site "Daventry"]
[Date "2017.08.12"]
[Round "2"]
[White "Somton, Anita"]
[Black "Chen, Daniel Xingyu"]
[Result "1-0"]
[WhiteElo "169"]
[BlackElo "115"]
[PlyCount "87"]
[EventDate "2017.08.12"]
[EventType "swiss"]
[EventRounds "6"]
[EventCountry "ENG"]
[SourceTitle "CBM 179 Extra"]
[Source "ChessBase"]
[SourceDate "2017.08.23"]
[SourceVersion "1"]
[SourceVersionDate "2017.08.23"]
[SourceQuality "1"]

1. d4 e6 2. c4 f5 3. g3 Nf6 4. Bg2 Be7 5. Nf3 0-0 6. 0-0 d6 7. Nc3 Qe8 8. Qb3 Kh8 9. Re1 Bd8 10. e4 fxe4 11. Nxe4 b6 12. Nxf6 Bxf6 13. Bg5 Nd7 14. Bxf6 Nxf6 15. Rad1 Qf7 16. Ng5 Qh5 17. h4 Rb8 18. Nxe6 Bxe6 19. Rxe6 Rbe8 20. Rde1 Qf5 21. Rxe8 Nxe8 22. Qe3 h6 23. f4 Qf7 24. Qe7 Qxe7 25. Rxe7 Kh7 26. Be4+ Kg8 27. Bg6 Nf6 28. Rxc7 Ra8 29. Kf2 Ne8 30. Re7 Kf8 31. Rxe8+ Rxe8 32. Bxe8 Kxe8 33. Ke3 Ke7 34. Ke4 Kd7 35. d5 Ke8 36. Kf5 Kf7 37. h5 a6 38. g4 a5 39. a4 Ke7 40. Kg6 Kf8 41. f5 Kg8 42. f6 Kh8 43. f7 b5 44. f8Q# 1-0